Populated Neighboring Countries Quiz Stats

 Plays Quiz Updated Apr 3, 2018

Score 0/17 Timer 05:00
6 Plays Today
Population Country % Correct
1,379,302,771China
99.6%
326,625,791United States
99.1%
207,353,391Brazil
94%
80,594,017Germany
90.9%
54,841,552South Africa
88.7%
97,041,072Egypt
84%
64,769,452United Kingdom
81.3%
190,632,261Nigeria
76.9%
260,580,739Indonesia
74.8%
Population Country % Correct
83,301,151Democratic Republic of the Congo
63.8%
105,350,020Ethiopia
60.5%
9,960,487Sweden
60%
51,181,299South Korea
57.3%
40,969,443Algeria
55.1%
68,414,135Thailand
53.5%
10,734,247Dominican Republic
53.4%
27,499,924Ghana
39%

You're not logged in!

Compare scores with friends on all Sporcle quizzes.
OR
Log In

Sporcle TV

Today on Sporcle TV


Watch our educational content, quiz creation guides, and fun videos on Sporcle TV.

Show Comments

Extras

Top Quizzes Today


Score Distribution

Your Account Isn't Verified!

In order to create a playlist on Sporcle, you need to verify the email address you used during registration. Go to your Sporcle Settings to finish the process.

Report this User

Report this user for behavior that violates our Community Guidelines.

Details: